Forma como atitude: a experiência atsilaerrus na metrôpole

Saved in:
Bibliografiske detaljer
Main Authors: Caetano de Sá, Daniele Nunes (Author), Velloso, Rita de Cássia Lucena (Author), Grillo, Antônio Carlos Dutra (Author)
Format: Bog
Sprog:portugisisk
Udgivet: Belo Horizonte Pontificia Universidade Católica de Minas Gerais 2010
Udgivelse:1a. ed
Fag:
Tags: Tilføj Tag
Ingen Tags, Vær først til at tagge denne postø!

MARC

LEADER 00000cam a2200000 a 4500
001 UCE4900
003 CL-VaPUC
008 141113e20100000bl |||||||||||||||||por|d
020 |a 9788560778577 
082 0 4 |a 709.04063  |b CAE  |2 21 
100 0 |a Caetano de Sá, Daniele Nunes  |e author  |9 577369 
700 0 |a Velloso, Rita de Cássia Lucena  |e author  |9 577370 
700 0 |a Grillo, Antônio Carlos Dutra  |e author  |9 577371 
245 1 0 |a Forma como atitude: a experiência atsilaerrus na metrôpole 
250 |a 1a. ed 
300 |a 196 p 
942 |c BK 
945 |d 20141113 14:00:00  |a arojas 
260 |a Belo Horizonte  |b Pontificia Universidade Católica de Minas Gerais  |c 2010 
650 0 |a Surrealismo en el arte  |9 421960 
650 0 |a Arquitectura moderna  |9 265021 
650 0 |a Estética   |9 264950 
583 |a last modification  |c 20141114 12:49:32  |k Rodrigo Vera 
999 |c 357756  |d 357754 
952 |0 0  |1 0  |3 erd  |4 0  |6 709_040630000000000_CAE_2010  |7 0  |8 A  |9 465814  |a BIBARQ  |b BIBARQ  |i 5125308  |o 709.04063 CAE 2010  |p 5125308  |r 2025-01-20  |w 2019-11-23  |y BK  |z Catalogado en:20141113  |k ARQ 
952 |0 0  |1 0  |2 ddc  |3 erd  |4 0  |6 709_040630000000000_CAE_2010  |7 0  |8 R  |9 465815  |a BIBART  |b BIBART  |i 5125316  |o 709.04063 CAE 2010  |p 5125316  |r 2025-03-13  |w 2019-11-23  |y BK_R  |z Catalogado en:20141113  |k ART